Ekonomičeskije celi i zadači techničeskogo progressa.

Skúmanie vedeckotechnického pokroku ako osobitného štádia historického vývinu výrobných síl. Analýza jeho úlohy - vytvorenia prostriedkov a podmienok pre uspokojovanie rastúcich a meniacich sa spoločenských potrieb na základe zvyšovania produktívnej sily a efektívnosti práce. Rozbor predpokladov pri...

Descrizione completa

Salvato in:
Dettagli Bibliografici
Autore principale: Zubčaninov, V.
Natura: Capitolo di libro
Lingua:russo
Soggetti:
Tags: Aggiungi Tag
Nessun Tag, puoi essere il primo ad aggiungerne!!

MARC

LEADER 00000naa a2200000 4500
001 r005239
005 20221130103657.3
041 0 |a rus 
044 |a [SU] 
245 1 0 |a Ekonomičeskije celi i zadači techničeskogo progressa.  |c V. Zubčaninov 
520 |a Skúmanie vedeckotechnického pokroku ako osobitného štádia historického vývinu výrobných síl. Analýza jeho úlohy - vytvorenia prostriedkov a podmienok pre uspokojovanie rastúcich a meniacich sa spoločenských potrieb na základe zvyšovania produktívnej sily a efektívnosti práce. Rozbor predpokladov prispôsobovania sa ekonomiky vedeckotechnickému pokroku a jeho úlohy pri riešení globálnych problémov ľudstva. 
610 2 0 |a pokrok vedeckotechnický 
610 2 0 |a sily výrobné 
610 2 0 |a potreby spoločenské 
610 2 0 |a produktivita práce 
610 2 0 |a efektívnosť práce 
610 2 0 |a problémy globálne 
100 1 |a Zubčaninov, V.